Reader in Contemporary American Prose : určeno pro posl. fak. filozof. /

Hlavní autor: Emmerová, Jarmila, 1929-
Korporativní autor: Univerzita Karlova. Filozofická fakulta
Další autoři: Hornátová, Eliška, 1929-, Nenadál, Radoslav, 1929-2018
Jazyk: Angličtina
Vydáno: Praha : SPN, 1977
Vydání: 2. vyd.
Témata:
Fyzický popis: 139 s. ; 4°
Knihy
Uloženo v:
LEADER 01451nam a2200349 a 4500
001 000460123
003 CZ BrMZK
005 20251204093423.0
007 ta
008 970723s1977 xr f eng d
015 |a cnb000498373 
035 |a (OCoLC)85373243 
040 |a BOA001  |b cze 
080 |a 820(73)-3-822(075.8)=20  |2 MRF 
100 1 |a Emmerová, Jarmila,  |d 1929-  |7 jn99240000192  |4 aut 
245 1 0 |a Reader in Contemporary American Prose :  |b určeno pro posl. fak. filozof. /  |c Jarmila Emmerová, Eliška Hornátová, Radoslav Nenadál 
250 |a 2. vyd. 
260 |a Praha :  |b SPN,  |c 1977 
300 |a 139 s. ;  |c 4° 
500 |a Vyd. Univ. Karlova v Praze 
500 |a 300 výt. 
504 |a Obsahuje bibliografii 
700 1 |a Hornátová, Eliška,  |d 1929-  |7 jk01042229  |4 aut 
700 1 |a Nenadál, Radoslav,  |d 1929-2018  |7 jk01083165  |4 aut 
710 2 |a Univerzita Karlova.  |b Filozofická fakulta  |7 kn20010710340 
910 |a BOA001  |b 4-0635.980-77  |b PK-N-0012.587-77 
920 |a 000682130 
964 |a Spisovatelé američtí - stol. 20. - život a dílo - stati a ukázky - učebnice vysokoškol. - vyd. angl. 
964 |a Próza americká - stol. 20. - texty - učebnice vysokoškol. - vyd. angl. 
990 |a BK 
996 7 |b 2619756046  |c 4-0635.980-77  |l MZK  |r Sklad / do 1 hodiny  |n 4  |w 000460123  |u 000010  |a 1  |e BOA001  |j MZK50  |s A 
996 7 |b 3119976501  |c PK-N-0012.587-77  |l MZK  |r Sklad / do 1 hodiny  |n 0  |w 000460123  |u 000020  |a 1  |e BOA001  |j MZK50  |s A